Piloti italiani vincitori di GP in Formula 1 - Statistics

Statistiche generali
  • Questo quiz è stato fatto 79 volte
  • Il punteggio medio è 6 su 15
Statistiche sulle risposte
Pilota Auto Anni vittorie % Corretto
Alberto Ascari Ferrari 1951/1952/1953
89%
Nino Farina Alfa Romeo/Ferrari 1950/1951/1953
79%
Giancarlo Fisichella Jordan/Renault 2003/2005/2006
77%
Jarno Trulli Renault 2004
62%
Michele Alboreto Tyrrell/Ferrari 1982/1983/1984/1985
51%
Riccardo Patrese Brabham/Williams 1982/1983/1990/1991/1992
49%
Alessandro Nannini Benetton 1989
41%
Elio de Angelis Lotus 1982/1985
39%
Vittorio Brambilla March 1975
36%
Lorenzo Bandini Ferrari 1964
31%
Luigi Fagioli Alfa Romeo 1951
25%
Ludovico Scarfiotti Ferrari 1966
23%
Luigi Musso Ferrari 1956
20%
Piero Taruffi Ferrari 1952
16%
Giancarlo Baghetti Ferrari 1961
11%
Nessun quiz corrispondente trovato
Distribuzione punteggi
Percentuale di utenti per punteggio
Percentile per numero di risposta
I tuoi punteggi nel tempo
Non hai fatto questo quiz